000 00945nam a2200253Ia 4500
003 OSt
005 20220923224612.0
006 a|||||r|||| 00| 0
007 ta
008 220922b |||||||| |||| 00| 0 hin d
020 _c170
024 _a246,014
037 _b375, 17/02/2011, Vani Prakashan
_cTextual
040 _aARTS
_cARTS
_bhin
041 _2hin
_ahin
082 _aO152,1K13x, N8;P4
100 _aभूषण; मिश्र, विश्वनाथप्रसाद, संपा.
_9168120
245 0 _aभूषण ग्रंथावली
246 _aBhūṣhaṇ granthāvalī
260 _aनयी दिल्ली
_b वाणी प्रकाशन
_c2004
300 _a274पृ.
_ccm.
942 _hO152,1K13x, N8;P4
_cTEXL
_2CC
999 _c372450
_d372450